[Event "FICGS W-ch st1 g02 email"]
[Site "FICGS email"]
[Date "2023.07.04"]
[Round "1"]
[White "Pech, Matej"]
[Black "Phillips, Wendell"]
[Result "1-0"]
[WhiteElo "2126"]
[BlackElo "1722"]
[PlyCount "45"]
[EventDate "2023.??.??"]
[EventType "tourn (corr)"]
[EventRounds "6"]
[SourceTitle "Corr 2024"]
[Source "ChessBase"]
[SourceDate "2023.10.19"]
[SourceVersion "1"]
[SourceVersionDate "2023.10.19"]
[SourceQuality "1"]

1. c4 d6 2. d4 Nd7 3. Nf3 e5 4. Nc3 c6 5. e4 Be7 6. Be2 h6 7. 0-0 Qc7 8. Be3 Nf8 9. c5 Ng6 10. cxd6 Bxd6 11. Rc1 Qb8 12. Nxe5 Nxe5 13. dxe5 Bxe5 14. f4 Bc7 15. Kh1 Nf6 16. e5 Nd7 17. e6 fxe6 18. Bh5+ Ke7 19. Qg4 Rg8 20. Qg6 Nf6 21. Qf7+ Kd8 22. Rcd1+ Bd6 23. Bc5 1-0

[Event "FICGS rapid B 000388 email"]
[Site "FICGS email"]
[Date "2023.04.20"]
[Round "1"]
[White "Pech, Matej"]
[Black "Dyson, John"]
[Result "1/2-1/2"]
[WhiteElo "1989"]
[BlackElo "1966"]
[PlyCount "36"]
[EventDate "2023.??.??"]
[EventType "tourn (rapid)"]
[EventRounds "6"]
[SourceTitle "Corr 2024"]
[Source "ChessBase"]
[SourceDate "2023.10.19"]
[SourceVersion "1"]
[SourceVersionDate "2023.10.19"]
[SourceQuality "1"]

1. d4 Nf6 2. c4 e6 3. Nc3 Bb4 4. e3 0-0 5. Bd3 d5 6. Nf3 dxc4 7. Bxc4 c5 8. 0-0 cxd4 9. exd4 b6 10. Bg5 Bb7 11. Qe2 Bxc3 12. bxc3 Nbd7 13. Ne5 Rc8 14. Rac1 Nxe5 15. dxe5 Rc5 16. Bd3 h6 17. Bxf6 gxf6 18. Qg4+ Kh8 1/2-1/2

[Event "FICGS no engines 127 email"]
[Site "FICGS email"]
[Date "2023.04.16"]
[Round "1"]
[White "Brand Lyard, Paul"]
[Black "Pech, Matej"]
[Result "0-1"]
[WhiteElo "1372"]
[BlackElo "1989"]
[PlyCount "38"]
[EventDate "2023.??.??"]
[EventType "swiss (corr)"]
[EventRounds "1"]
[SourceTitle "Corr 2024"]
[Source "ChessBase"]
[SourceDate "2023.10.19"]
[SourceVersion "1"]
[SourceVersionDate "2023.10.19"]
[SourceQuality "1"]

1. e4 e5 2. Bc4 Bc5 3. Nf3 Nc6 4. 0-0 Nf6 5. d3 d6 6. Ng5 Bg4 7. Qd2 Qd7 8. Bb5 h6 9. Bxc6 bxc6 10. Nf3 Bxf3 11. gxf3 Qh3 12. Qa5 g5 13. Qxc7 0-0 14. Nd2 g4 15. Qxc6 g3 16. hxg3 Qxg3+ 17. Kh1 Qh3+ 18. Kg1 Kh8 19. Nc4 Rg8+ 0-1

[Event "FICGS W-ch st1 g01 email"]
[Site "FICGS email"]
[Date "2022.11.02"]
[Round "1"]
[White "Ozen, Bahadir"]
[Black "Pech, Matej"]
[Result "1/2-1/2"]
[WhiteElo "2252"]
[BlackElo "1892"]
[PlyCount "47"]
[EventDate "2022.??.??"]
[EventType "tourn (corr)"]
[EventRounds "6"]
[SourceTitle "Corr 2024"]
[Source "ChessBase"]
[SourceDate "2023.10.19"]
[SourceVersion "1"]
[SourceVersionDate "2023.10.19"]
[SourceQuality "1"]

1. e4 e5 2. Nf3 Nc6 3. Bb5 a6 4. Ba4 Nf6 5. 0-0 Be7 6. Re1 b5 7. Bb3 0-0 8. a4 Bb7 9. d3 d6 10. Nbd2 Na5 11. Ba2 c5 12. Nf1 bxa4 13. Ne3 Bc6 14. Nh4 Bd7 15. Nhf5 Rb8 16. Rf1 h6 17. h3 Nc6 18. c3 Kh7 19. b3 Be6 20. bxa4 Qd7 21. Qf3 Bxa2 22. Rxa2 Bd8 23. Ng4 Ne8 24. Nfe3 1/2-1/2

[Event "FICGS W-ch st1 g01 email"]
[Site "FICGS email"]
[Date "2022.11.02"]
[Round "2"]
[White "Pech, Matej"]
[Black "Ozen, Bahadir"]
[Result "1/2-1/2"]
[WhiteElo "1892"]
[BlackElo "2252"]
[PlyCount "50"]
[EventDate "2022.??.??"]
[EventType "tourn (corr)"]
[EventRounds "6"]
[SourceTitle "Corr 2024"]
[Source "ChessBase"]
[SourceDate "2023.10.19"]
[SourceVersion "1"]
[SourceVersionDate "2023.10.19"]
[SourceQuality "1"]

1. c4 c6 2. d4 d5 3. Nf3 Nf6 4. Nc3 e6 5. e3 Nbd7 6. Qc2 Bd6 7. Bd3 0-0 8. 0-0 dxc4 9. Bxc4 b5 10. Bd3 Bb7 11. a3 a5 12. e4 e5 13. dxe5 Nxe5 14. Nxe5 Bxe5 15. h3 b4 16. Na4 Bd4 17. Re1 c5 18. Be3 bxa3 19. Bxd4 cxd4 20. bxa3 Nd7 21. Bf1 Ba6 22. Bxa6 Rxa6 23. Qc4 Rg6 24. Qxd4 Qg5 25. g3 Ne5 1/2-1/2

[Event "FICGS theme 0253 email"]
[Site "FICGS email"]
[Date "2022.09.24"]
[Round "1"]
[White "Pech, Matej"]
[Black "Brand Lyard, Paul"]
[Result "1-0"]
[WhiteElo "1891"]
[BlackElo "1408"]
[PlyCount "37"]
[EventDate "2022.??.??"]
[EventType "swiss (corr)"]
[EventRounds "1"]
[SourceTitle "Corr 2024"]
[Source "ChessBase"]
[SourceDate "2023.10.19"]
[SourceVersion "1"]
[SourceVersionDate "2023.10.19"]
[SourceQuality "1"]

1. d4 d5 2. Nf3 Nf6 3. c4 e6 4. Nc3 c6 5. Qd3 dxc4 6. Qxc4 b5 7. Qd3 a6 8. g4 Bb4 9. a3 Bxc3+ 10. Qxc3 Nxg4 11. Rg1 h5 12. h3 Nf6 13. Rxg7 Ne4 14. Qc2 Nd6 15. Bg5 f6 16. Qg6+ Kf8 17. Bxf6 Qa5+ 18. b4 Qa4 19. Be7# 1-0

[Event "FICGS theme 0253 email"]
[Site "FICGS email"]
[Date "2022.09.24"]
[Round "1"]
[White "Tedoldi, Guido"]
[Black "Pech, Matej"]
[Result "0-1"]
[WhiteElo "1668"]
[BlackElo "1891"]
[PlyCount "70"]
[EventDate "2022.??.??"]
[EventType "swiss (corr)"]
[EventRounds "1"]
[SourceTitle "Corr 2024"]
[Source "ChessBase"]
[SourceDate "2023.10.19"]
[SourceVersion "1"]
[SourceVersionDate "2023.10.19"]
[SourceQuality "1"]

1. d4 d5 2. Nf3 Nf6 3. c4 e6 4. Nc3 c6 5. Qd3 dxc4 6. Qxc4 b5 7. Qd3 a6 8. g4 Nxg4 9. h3 Nf6 10. Bg5 h6 11. Bf4 c5 12. Bg2 Bb7 13. 0-0 c4 14. Qd2 Nbd7 15. Rfe1 b4 16. Nd1 Rc8 17. Ne3 Be7 18. Rac1 Nb6 19. Ne5 Bxg2 20. Nxg2 Nfd5 21. Bg3 c3 22. bxc3 Nxc3 23. e3 0-0 24. Rc2 Ne4 25. Qd3 Nxg3 26. fxg3 Rxc2 27. Qxc2 Bd6 28. Rd1 Nd5 29. h4 Nc3 30. Rd2 Bxe5 31. dxe5 Qa5 32. Nf4 Qxe5 33. Rd3 a5 34. Kf2 Rc8 35. Ne2 Ne4+ 0-1

[Event "FICGS rapid C 000285 email"]
[Site "FICGS email"]
[Date "2022.06.19"]
[Round "1"]
[White "Pintor, Manuel"]
[Black "Pech, Matej"]
[Result "0-1"]
[WhiteElo "1718"]
[BlackElo "1809"]
[PlyCount "58"]
[EventDate "2022.??.??"]
[EventType "tourn (rapid)"]
[EventRounds "4"]
[SourceTitle "Corr 2024"]
[Source "ChessBase"]
[SourceDate "2023.10.19"]
[SourceVersion "1"]
[SourceVersionDate "2023.10.19"]
[SourceQuality "1"]

1. e4 c5 2. f4 d5 3. exd5 Qxd5 4. Nc3 Qd8 5. Nf3 Nc6 6. Bc4 e6 7. d3 Nh6 8. 0-0 Be7 9. Ne4 0-0 10. Nfg5 Na5 11. Bb5 a6 12. Ba4 Qd4+ 13. Kh1 Qxa4 14. b3 Qd7 15. Qf3 f6 16. Nh3 Nc6 17. Qg3 Nd4 18. c3 Ndf5 19. Qf3 Nh4 20. Qe2 b6 21. Be3 f5 22. Neg5 Bb7 23. Rf2 Ng4 24. Raf1 Nxf2+ 25. Rxf2 a5 26. Qh5 Bxg5 27. Nxg5 h6 28. Qxh4 Qxd3 29. Bd2 Qb1+ 0-1

[Event "FICGS theme 0251 email"]
[Site "FICGS email"]
[Date "2022.01.30"]
[Round "1"]
[White "Pech, Matej"]
[Black "Ozen, Bahadir"]
[Result "1/2-1/2"]
[WhiteElo "1812"]
[BlackElo "2369"]
[PlyCount "36"]
[EventDate "2022.??.??"]
[EventType "swiss (corr)"]
[EventRounds "1"]
[SourceTitle "Corr 2024"]
[Source "ChessBase"]
[SourceDate "2023.10.19"]
[SourceVersion "1"]
[SourceVersionDate "2023.10.19"]
[SourceQuality "1"]

1. d4 d5 2. Nf3 Nf6 3. c4 e6 4. Nc3 c6 5. Qd3 dxc4 6. Qxc4 b5 7. Qd3 a6 8. g4 Nxg4 9. Rg1 Nf6 10. Bf4 Bb7 11. e4 Nbd7 12. 0-0-0 Be7 13. e5 Nh5 14. Bg5 c5 15. Qe3 cxd4 16. Rxd4 g6 17. Be2 Rc8 18. Kb1 Ng7 1/2-1/2

[Event "FICGS rapid C 000275 email"]
[Site "FICGS email"]
[Date "2021.11.15"]
[Round "1"]
[White "Pech, Matej"]
[Black "Nurcahyo, Dery"]
[Result "1-0"]
[WhiteElo "1780"]
[BlackElo "1616"]
[PlyCount "55"]
[EventDate "2021.??.??"]
[EventType "tourn (rapid)"]
[EventRounds "4"]
[SourceTitle "Corr 2024"]
[Source "ChessBase"]
[SourceDate "2023.10.19"]
[SourceVersion "1"]
[SourceVersionDate "2023.10.19"]
[SourceQuality "1"]

1. e4 e5 2. Bc4 Nf6 3. d3 h6 4. Nf3 d6 5. h3 Nbd7 6. a4 a6 7. Nc3 Nc5 8. Be3 Ne6 9. d4 exd4 10. Nxd4 Nxd4 11. Qxd4 Be6 12. Bxe6 fxe6 13. Rd1 e5 14. Qb4 Qc8 15. f4 Be7 16. fxe5 dxe5 17. Qb3 Bd6 18. 0-0 b6 19. Nd5 Nxd5 20. Qxd5 Rb8 21. Qf7+ Kd8 22. Qxg7 Re8 23. Rxd6+ cxd6 24. Rf7 Qc6 25. Bf2 h5 26. Qg5+ Kc8 27. Qf5+ Kd8 28. Bh4+ 1-0

[Event "FICGS class C 000345 email"]
[Site "FICGS email"]
[Date "2021.08.28"]
[Round "1"]
[White "Cleto Junior, Dirceu"]
[Black "Pech, Matej"]
[Result "1/2-1/2"]
[WhiteElo "2093"]
[BlackElo "1809"]
[PlyCount "31"]
[EventDate "2021.??.??"]
[EventType "tourn (corr)"]
[EventRounds "1"]
[SourceTitle "Corr 2024"]
[Source "ChessBase"]
[SourceDate "2023.10.19"]
[SourceVersion "1"]
[SourceVersionDate "2023.10.19"]
[SourceQuality "1"]

1. e4 c5 2. Nf3 Nc6 3. Nc3 d6 4. d4 cxd4 5. Nxd4 Nf6 6. Bg5 e6 7. Qd2 Be7 8. 0-0-0 0-0 9. f4 Nxd4 10. Qxd4 h6 11. Bh4 Qa5 12. Be1 Re8 13. h3 a6 14. Kb1 e5 15. Qf2 Be6 16. f5 1/2-1/2